| 000 -LEADER |
| fixed length control field |
01043cam a2200265 i 4500 |
| 003 - CONTROL NUMBER IDENTIFIER |
| control field |
OSt |
| 005 - DATE AND TIME OF LATEST TRANSACTION |
| control field |
20200317111232.0 |
| 008 - FIXED-LENGTH DATA ELEMENTS--GENERAL INFORMATION |
| fixed length control field |
160831s2017 nyua 000 0 eng |
| 020 ## - INTERNATIONAL STANDARD BOOK NUMBER |
| International Standard Book Number |
9781250118295 (hardback) |
| 040 ## - CATALOGING SOURCE |
| Original cataloging agency |
DLC |
| Language of cataloging |
eng |
| Transcribing agency |
DLC |
| Description conventions |
rda |
| Modifying agency |
DLC |
| 082 00 - DEWEY DECIMAL CLASSIFICATION NUMBER |
| Classification number |
720 |
| Edition number |
23 |
| 100 1# - MAIN ENTRY--PERSONAL NAME |
| Personal name |
Crawford, James |
| Titles and other words associated with a name |
(Writer on aerial photography), |
| Relator term |
author. |
| 245 10 - TITLE STATEMENT |
| Title |
Fallen glory : |
| Remainder of title |
the lives and deaths of history's greatest buildings / |
| Statement of responsibility, etc |
James Crawford. |
| 250 ## - EDITION STATEMENT |
| Edition statement |
First U.S. edition. |
| 300 ## - PHYSICAL DESCRIPTION |
| Extent |
566 pages : |
| Other physical details |
illustrations ; |
| Dimensions |
25 cm |
| 650 #0 - SUBJECT ADDED ENTRY--TOPICAL TERM |
| Topical term or geographic name as entry element |
Lost architecture. |
| 650 #0 - SUBJECT ADDED ENTRY--TOPICAL TERM |
| Topical term or geographic name as entry element |
Ruined buildings. |
| 650 #0 - SUBJECT ADDED ENTRY--TOPICAL TERM |
| Topical term or geographic name as entry element |
Cities and towns |
| General subdivision |
History. |
| 650 #7 - SUBJECT ADDED ENTRY--TOPICAL TERM |
| Topical term or geographic name as entry element |
ARCHITECTURE / Buildings / General. |
| Source of heading or term |
bisacsh |
| 650 #7 - SUBJECT ADDED ENTRY--TOPICAL TERM |
| Topical term or geographic name as entry element |
ARCHITECTURE / History / General. |
| Source of heading or term |
bisacsh |
| 650 #7 - SUBJECT ADDED ENTRY--TOPICAL TERM |
| Topical term or geographic name as entry element |
HISTORY / World. |
| Source of heading or term |
bisacsh |
| 650 #7 - SUBJECT ADDED ENTRY--TOPICAL TERM |
| Topical term or geographic name as entry element |
HISTORY / General. |
| Source of heading or term |
bisacsh |
| 776 08 - ADDITIONAL PHYSICAL FORM ENTRY |
| Display text |
Online version: |
| Main entry heading |
Crawford, James (Writer on aerial photography), author. |
| Title |
Fallen glory |
| Edition |
First U.S. edition. |
| Place, publisher, and date of publication |
New York : Picador, 2017 |
| International Standard Book Number |
9781250118301 |
| Record control number |
(DLC) 2016040493 |
| 942 ## - ADDED ENTRY ELEMENTS (KOHA) |
| Source of classification or shelving scheme |
|